US Presidents at War - Statistics

General Stats
  • This quiz has been taken 74 times
  • The average score is 19 of 20
Answer Stats
War Answer % Correct
American Revolutionary War George Washington
98%
War in Afghanistan (second) Barack Obama
97%
Iraq War (second) Barack Obama
97%
Gulf War George H. W. Bush
97%
War in Afghanistan (first) George W. Bush
97%
Iraq War (first) George W. Bush
97%
American Civil War Abraham Lincoln
95%
Vietnam War (fifth) Gerald Ford
95%
World War 2 (second) Harry Truman
95%
Korean War (first) Harry Truman
95%
Vietnam War (fourth) Richard Nixon
95%
War in Afghanistan (third) Donald Trump
93%
World War 2 (first) Franklin D. Roosevelt
93%
War in Afghanistan (fourth) Joe Biden
93%
Vietnam War (second) John F. Kennedy
93%
Korean War (second) Dwight D. Eisenhower
90%
Vietnam War (first) Dwight D. Eisenhower
90%
Vietnam War (third) Lyndon B. Johnson
90%
World War 1 Woodrow Wilson
85%
Mexican - American War James K. Polk
80%
No matching quizzes found
Score Distribution
Percent of People with Each Score
Percentile by Number Answered
Your Score History
You have not taken this quiz